000 00909nam a2200277 i 4500
003 DO-SdBNP
005 20240503073631.0
007 ta
008 230328b1983 sp a|||| |||| 00| 0 spa d
020 _a8430513558
040 _aDO-SdBNP
_bspa
_cBNPHU
_erda
082 4 _a863.3
_bC419d 1983
_222
100 1 _aCervantes Saavedra, Miguel de,
_d1547-1616
_93070
245 1 0 _aDon Quijote de la mancha /
_cMiguel de Cervantes y Saavedra
264 _aMadrid :
_bSusaeta,
_c1983.
300 _a268 páginas :
_bilustraciones ;
_c28 cm.
336 _2rdacontent
_atexto
_btxt
337 _2rdamedia
_asin mediación
_bn
338 _2rdacarrier
_avolumen
_bnc
590 _aInventariado, 2023/BT
600 1 0 _aCervantes Saavedra, Miguel de,
_d1547-1616
_93070
650 4 _aNovela española
_91123
650 4 _aLiteratura española
_9632
910 _aBtavárez/Validado. Control de calidad MFF
942 _2ddc
_cLBS1
999 _c53180
_d53180